00444 2200181 4500001002100000005001500021035002000036245003800056100001400094250001100108300002700119260003700146082001000183084001600193020002200209650001700231600001400248INLIS00000000000109420240711085500 a0010-07240000871 aEnsikidz Hewan Jinak /cEko Utoro0 aEko Utoro acet. I a24 hlm ;c19,8 x 20 cm aSurakarta :bVisi Mandiri,c2021 a741.5 a741.5 EKO e a978-623-6213-14-8 4aKoleksi Anak04aEko Utoro